000 00452nam a22001937a 4500
003 MPLRDC
005 20220104144001.0
008 210129b ||||| |||| 00| 0 eng d
020 _a957-8452-38-1
082 _a410.7 LFL
100 _a李芬莲
245 _a家庭养生经
_c
250 _a第一版
260 _a
_b金菠萝文化
_c1997
300 _b
490 _a家庭保健. 29
650 _a医药总论
942 _cBK
_o410.7 LFL
999 _c45245
_d45235